Material girl /

Dylan, who lives a luxurious life despite being broke, finds herself plunged into a world of lies, lust, love and betrayal when she attempts to cope with her latest breakup by turning to her best friend's brother for comfort.

Bibliographic Details
Main Author: Ervin, Keisha
Format: Book
Language:English
Published: Deer Park, N.Y. : Urban Books, [2010]
Subjects:

MARC

Tag First Indicator Second Indicator Subfields
LEADER 00000cam a2200000 a 4500
001 in00002753838
005 20171028063732.0
008 110307s2010 nyu 000 1 eng
010 |a  2011280831 
020 |a 9781601622808 (pbk.) 
020 |a 1601622805 (pbk.) 
035 |a (OCoLC)ocn655668969 
040 |a UKM  |c UKM  |d DLC  |d UtOrBLW 
042 |a lccopycat 
049 |a TXAM 
050 0 0 |a PS3605.R857  |b M38 2010 
082 0 0 |a 813/.6  |2 22 
100 1 |a Ervin, Keisha. 
245 1 0 |a Material girl /  |c Keisha Ervin. 
264 1 |a Deer Park, N.Y. :  |b Urban Books,  |c [2010] 
264 4 |c ©2010 
300 |a 309 pages ;  |c 21 cm. 
336 |a text  |b txt  |2 rdacontent 
337 |a unmediated  |b n  |2 rdamedia 
338 |a volume  |b nc  |2 rdacarrier 
520 |a Dylan, who lives a luxurious life despite being broke, finds herself plunged into a world of lies, lust, love and betrayal when she attempts to cope with her latest breakup by turning to her best friend's brother for comfort. 
650 0 |a African Americans  |v Fiction. 
650 0 |a Man-woman relationships  |v Fiction. 
650 0 |a Romance fiction. 
945 |a PromptCat  |b 880780 
946 |a stk 
947 |a A14835962496 
948 |a cataloged  |b h  |c 2012/5/17  |d c  |e dmitchel  |f 11:10:20 am 
994 |a 92  |b TXA 
999 |a MARS 
999 f f |s 71bce92e-af5a-315a-b42c-8e0d027426a0  |i 4acf3906-1b35-3e59-b579-d7b8a109a935  |t 0 
952 f f |p normal  |a Texas A&M University  |b College Station  |c Sterling C. Evans Library  |d Evans: Library Stacks  |t 0  |e PS3605.R857 M38 2010  |h Library of Congress classification  |i unmediated -- volume  |m A14835962496 
998 f f |a PS3605.R857 M38 2010  |t 0  |l Evans: Library Stacks